[Event "HUN-chT2 Maroczy 1819"]
[Site "Hungary"]
[Date "2018.11.18"]
[Round "4.4"]
[White "Urhegyi, Marton"]
[Black "Siklosi, Zoltan"]
[Result "1-0"]
[WhiteElo "2312"]
[BlackElo "2319"]
[PlyCount "91"]
[EventDate "2018.09.23"]
[EventType "team-tourn"]
[EventRounds "11"]
[EventCountry "HUN"]
[SourceTitle "EXT 2020"]
[Source "ChessBase"]
[SourceDate "2019.10.17"]
[SourceVersion "1"]
[SourceVersionDate "2019.10.17"]
[SourceQuality "1"]
[WhiteTeam "Kobanya Aquarena II"]
[BlackTeam "Toth Laszlo"]
[WhiteTeamCountry "HUN"]
[BlackTeamCountry "HUN"]

1. e4 e5 2. Nf3 Nc6 3. Bb5 a6 4. Bxc6 dxc6 5. 0-0 f6 6. d4 exd4 7. Nxd4 c5 8. Nb3 Qxd1 9. Rxd1 Be6 10. Bf4 Rd8 11. Nc3 Bd6 12. Bxd6 cxd6 13. Na5 Rd7 14. Na4 Ke7 15. Nb6 Rc7 16. f4 Nh6 17. f5 Bf7 18. h3 Rd8 19. Rd3 Kf8 20. Rad1 Re7 21. g4 Be8 22. Rxd6 Rxd6 23. Rxd6 Rxe4 24. Nxb7 Re2 25. Rd8 Nf7 26. Rc8 Rxc2 27. Nxc5 Rc1+ 28. Kf2 Rd1 29. Ne6+ Ke7 30. Nxg7 Bd7 31. Nxd7 Rxd7 32. Re8+ Kd6 33. Re6+ Kd5 34. Nh5 Kc4 35. Nxf6 Rd2+ 36. Re2 Rd3 37. Re4+ Kb5 38. Re3 Rd2+ 39. Re2 Rd3 40. h4 Rh3 41. Re7 Nd6 42. Ne4 Nxe4+ 43. Rxe4 Rxh4 44. f6 Rh2+ 45. Kg3 Rd2 46. f7 1-0

[Event "HUN-chT2 Maroczy 1718"]
[Site "Hungary"]
[Date "2018.01.28"]
[Round "5.5"]
[White "Koczka, Zsolt"]
[Black "Siklosi, Zoltan"]
[Result "1/2-1/2"]
[WhiteElo "2258"]
[BlackElo "2324"]
[PlyCount "26"]
[EventDate "2017.10.29"]
[EventType "team-tourn"]
[EventRounds "9"]
[EventCountry "HUN"]
[SourceTitle "EXT 2021"]
[Source "ChessBase"]
[SourceDate "2020.10.23"]
[SourceVersion "1"]
[SourceVersionDate "2020.10.23"]
[SourceQuality "1"]
[WhiteTeam "Budapest HASE"]
[BlackTeam "Toth Laszlo"]
[WhiteTeamCountry "HUN"]
[BlackTeamCountry "HUN"]

1. d4 d5 2. c4 e6 3. Nc3 Nf6 4. Nf3 Be7 5. Bg5 0-0 6. e3 h6 7. Bh4 b6 8. cxd5 Nxd5 9. Bxe7 Qxe7 10. Nxd5 exd5 11. Bd3 Be6 12. 0-0 c5 13. Rc1 Nd7 1/2-1/2

[Event "HUN-chT2 Maroczy 1718"]
[Site "Hungary"]
[Date "2017.12.03"]
[Round "3.5"]
[White "Sinkovics, Peter"]
[Black "Siklosi, Zoltan"]
[Result "1/2-1/2"]
[WhiteElo "2255"]
[BlackElo "2324"]
[PlyCount "20"]
[EventDate "2017.10.29"]
[EventType "team-tourn"]
[EventRounds "9"]
[EventCountry "HUN"]
[SourceTitle "EXT 2021"]
[Source "ChessBase"]
[SourceDate "2020.10.23"]
[SourceVersion "1"]
[SourceVersionDate "2020.10.23"]
[SourceQuality "1"]
[WhiteTeam "Taban Spartacus"]
[BlackTeam "Toth Laszlo"]
[WhiteTeamCountry "HUN"]
[BlackTeamCountry "HUN"]

1. d4 d5 2. c4 e6 3. Nc3 Nf6 4. cxd5 exd5 5. Bg5 Be7 6. e3 c6 7. Bd3 0-0 8. Qc2 h6 9. Bh4 Re8 10. Nge2 Nbd7 1/2-1/2

[Event "HUN-chT2 Maroczy 1718"]
[Site "Hungary"]
[Date "2017.11.26"]
[Round "2.4"]
[White "Farkas, Lajos"]
[Black "Siklosi, Zoltan"]
[Result "1/2-1/2"]
[WhiteElo "2214"]
[BlackElo "2324"]
[PlyCount "23"]
[EventDate "2017.10.29"]
[EventType "team-tourn"]
[EventRounds "9"]
[EventCountry "HUN"]
[SourceTitle "EXT 2021"]
[Source "ChessBase"]
[SourceDate "2020.10.23"]
[SourceVersion "1"]
[SourceVersionDate "2020.10.23"]
[SourceQuality "1"]
[WhiteTeam "Budapest Kobanya II"]
[BlackTeam "Toth Laszlo"]
[WhiteTeamCountry "HUN"]
[BlackTeamCountry "HUN"]

1. d4 d5 2. c4 e6 3. Nc3 Nf6 4. cxd5 exd5 5. Bg5 Be7 6. e3 c6 7. Bd3 Nbd7 8. Nge2 0-0 9. Qc2 h6 10. Bh4 Re8 11. 0-0-0 b5 12. f3 1/2-1/2

[Event "HUN-chT2 Maroczy 1516"]
[Site "Hungary"]
[Date "2016.03.20"]
[Round "7.5"]
[White "Siklosi, Zoltan"]
[Black "Hegyesi, Zoltan"]
[Result "1/2-1/2"]
[WhiteElo "2334"]
[BlackElo "2201"]
[PlyCount "34"]
[EventDate "2015.10.18"]
[EventType "team-tourn"]
[EventRounds "9"]
[EventCountry "HUN"]
[SourceTitle "EXT 2017"]
[Source "ChessBase"]
[SourceDate "2016.10.25"]
[SourceVersion "1"]
[SourceVersionDate "2016.10.25"]
[SourceQuality "1"]
[WhiteTeam "Toth Laszlo"]
[BlackTeam "Kisujszallas"]
[WhiteTeamCountry "HUN"]
[BlackTeamCountry "HUN"]

1. e4 c6 2. d4 d5 3. Nc3 dxe4 4. Nxe4 Bf5 5. Ng3 Bg6 6. h4 h6 7. Nf3 Nd7 8. h5 Bh7 9. Bd3 Bxd3 10. Qxd3 Ngf6 11. Bd2 e6 12. 0-0-0 Be7 13. Kb1 0-0 14. Ne4 Nxe4 15. Qxe4 Nf6 16. Qe2 Qd5 17. Bc1 a5 1/2-1/2

[Event "HUN-chT2 Maroczy 1415"]
[Site "Hungary"]
[Date "2015.04.26"]
[Round "9"]
[White "Siklosi, Zoltan"]
[Black "Kovacs, Lajos"]
[Result "1-0"]
[WhiteElo "2321"]
[BlackElo "2219"]
[PlyCount "137"]
[EventDate "2014.10.12"]
[EventType "team-tourn"]
[EventRounds "9"]
[EventCountry "HUN"]
[SourceTitle "EXT 2016"]
[Source "ChessBase"]
[SourceDate "2015.10.08"]
[SourceVersion "1"]
[SourceVersionDate "2015.10.08"]
[SourceQuality "1"]
[WhiteTeam "TLSE"]
[BlackTeam "Dunaharaszti II"]
[WhiteTeamCountry "HUN"]
[BlackTeamCountry "HUN"]

1. e4 c5 2. Nf3 e6 3. d4 cxd4 4. Nxd4 Nf6 5. Nc3 d6 6. Be2 Be7 7. 0-0 a6 8. f4 Qc7 9. Kh1 0-0 10. Qe1 Nc6 11. Be3 Nxd4 12. Bxd4 e5 13. fxe5 dxe5 14. Qg3 Nd7 15. Nd5 Qd8 16. Bxe5 Nxe5 17. Qxe5 Bd6 18. Qd4 Re8 19. Nb6 Rb8 20. Nxc8 Rxc8 21. Bc4 Re7 22. Rad1 Bc7 23. Qf2 Qf8 24. Bd5 Be5 25. c3 Rcc7 26. Rd3 g6 27. Qh4 Rcd7 28. Rfd1 Kg7 29. Rh3 Qg8 30. Rf1 Kh8 31. Rhf3 Qg7 32. g4 g5 33. Qh5 Bf4 34. Rxf4 gxf4 35. Rxf4 Qg6 36. Qh4 Re5 37. Rf5 Rdxd5 38. exd5 Rxf5 39. gxf5 Qxf5 40. Qd4+ f6 41. Kg2 Kg7 42. c4 Kf7 43. a3 h5 44. d6 Qg5+ 45. Kf2 Qf5+ 46. Ke1 Qd7 47. Kd2 h4 48. Kc3 h3 49. c5 a5 50. Kb3 Kg7 51. Qd5 Kf8 52. Kc3 Kg7 53. Qe4 Kf8 54. Qc4 Kg7 55. a4 Qc6 56. Qd4 Qd7 57. Qe4 Kf8 58. Qe2 f5 59. Qh5 Qg7+ 60. Kb3 Qg8+ 61. Kc3 Qg7+ 62. Kd3 Qe5 63. Qh6+ Kg8 64. Qg5+ Kf7 65. Qh5+ Kg8 66. Qg6+ Kf8 67. Qh6+ Kg8 68. Qe3 Qg7 69. Qe8+ 1-0

[Event "HUN-chT2 Maroczy 1415"]
[Site "Hungary"]
[Date "2015.01.25"]
[Round "5"]
[White "Suto, Gabor"]
[Black "Siklosi, Zoltan"]
[Result "1/2-1/2"]
[WhiteElo "2200"]
[BlackElo "2321"]
[PlyCount "72"]
[EventDate "2014.10.12"]
[EventType "team-tourn"]
[EventRounds "9"]
[EventCountry "HUN"]
[SourceTitle "EXT 2016"]
[Source "ChessBase"]
[SourceDate "2015.10.08"]
[SourceVersion "1"]
[SourceVersionDate "2015.10.08"]
[SourceQuality "1"]
[WhiteTeam "Miskolc KisBocsok"]
[BlackTeam "TLSE"]
[WhiteTeamCountry "HUN"]
[BlackTeamCountry "HUN"]

1. d4 Nf6 2. c4 e6 3. Nf3 d5 4. Nc3 Bb4 5. Bg5 Nbd7 6. cxd5 exd5 7. e3 c5 8. Bd3 Qa5 9. Qc2 0-0 10. 0-0 c4 11. Bf5 Re8 12. Nd2 g6 13. Bh3 Bxc3 14. bxc3 Ne4 15. Nxe4 dxe4 16. Bxd7 Bxd7 17. Bf4 Qd5 18. Rab1 Re6 19. f3 f6 20. Qe2 Rb6 21. Qf2 Rxb1 22. Rxb1 Bc6 23. Rf1 b5 24. a3 a5 25. fxe4 Qxe4 26. Bd6 Re8 27. Bc5 Qd5 28. Re1 g5 29. Re2 Kg7 30. Qg3 Kg6 31. h3 h5 32. Qd6 Qxd6 33. Bxd6 h4 34. Kf2 Kf5 35. Rb2 Ke4 36. Rd2 Bd5 1/2-1/2

[Event "HUN-chT2 Maroczy 1314"]
[Site "Hungary"]
[Date "2013.08.22"]
[Round "2"]
[White "Siklosi, Zoltan"]
[Black "Joo, Janos"]
[Result "1/2-1/2"]
[WhiteElo "2324"]
[BlackElo "2078"]
[PlyCount "26"]
[EventDate "2013.09.08"]
[EventType "team-tourn"]
[EventRounds "11"]
[EventCountry "HUN"]
[SourceTitle "EXT 2016"]
[Source "ChessBase"]
[SourceDate "2015.10.08"]
[SourceVersion "1"]
[SourceVersionDate "2015.10.08"]
[SourceQuality "1"]
[WhiteTeam "Toth Laszlo"]
[BlackTeam "Mako II"]
[WhiteTeamCountry "HUN"]
[BlackTeamCountry "HUN"]

1. e4 g6 2. d4 Bg7 3. Nc3 c5 4. dxc5 Bxc3+ 5. bxc3 Qa5 6. Nf3 Qxc3+ 7. Bd2 Qxc5 8. Bd3 Nf6 9. Rb1 d6 10. 0-0 0-0 11. Rb5 Qc7 12. Qa1 Nbd7 13. h3 b6 1/2-1/2

[Event "HUN-chT 1213"]
[Site "Hungary"]
[Date "2013.02.17"]
[Round "7"]
[White "Siklosi, Zoltan"]
[Black "Bali, Janos"]
[Result "1/2-1/2"]
[WhiteElo "2329"]
[BlackElo "2260"]
[PlyCount "178"]
[EventDate "2012.09.16"]
[EventType "team-tourn"]
[EventRounds "9"]
[EventCountry "HUN"]
[SourceTitle "EXT 2014"]
[Source "ChessBase"]
[SourceDate "2013.11.20"]
[SourceVersion "1"]
[SourceVersionDate "2013.11.20"]
[SourceQuality "1"]
[WhiteTeam "Toth Laszlo"]
[BlackTeam "BEAC"]
[WhiteTeamCountry "HUN"]
[BlackTeamCountry "HUN"]

1. e4 d6 2. d4 Nf6 3. Nc3 e5 4. Nf3 Nbd7 5. Bc4 Be7 6. 0-0 0-0 7. Re1 c6 8. a4 b6 9. d5 cxd5 10. Nxd5 Nxd5 11. Bxd5 Rb8 12. Qd3 Nc5 13. Qc4 Ba6 14. Qa2 Bb7 15. Be3 Qc7 16. Bxc5 Qxc5 17. Bxb7 Rxb7 18. c4 g6 19. Rad1 Kg7 20. Rd5 Qc8 21. b3 f5 22. Qe2 f4 23. h3 h5 24. Nh2 Rh8 25. Red1 g5 26. f3 Rh6 27. R1d2 Qc6 28. Rd1 Rg6 29. Qf2 Rb8 30. Qe2 Rc8 31. Qf2 a6 32. Qe2 Kf7 33. Qd2 Bd8 34. Kf1 Bc7 35. Qe2 Bb8 36. Qd3 Ke7 37. Ke2 Ba7 38. Ra1 Rc7 39. Kd1 Rg8 40. Ra2 Rg6 41. Nf1 Rc8 42. Nh2 Bb8 43. Rc2 Rgg8 44. Kc1 Rg6 45. Kb2 Ba7 46. Kb1 Rc7 47. Qe2 Rc8 48. Kb2 Rgg8 49. Nf1 Rg6 50. g3 b5 51. cxb5 Bd4+ 52. Kb1 Qxc2+ 53. Qxc2 Rxc2 54. Kxc2 a5 55. Kd3 Bf2 56. g4 hxg4 57. hxg4 Rh6 58. Nd2 Bd4 59. b6 Bxb6 60. Nc4 Bc7 61. Nxa5 Bxa5 62. Rxa5 Rh3 63. Ke2 Rh2+ 64. Ke1 Kd7 65. Rd5 Kc6 66. Rd2 Rh1+ 67. Ke2 Kc5 68. Rd5+ Kb4 69. Rxd6 Kxb3 70. a5 Rh2+ 71. Kf1 Kc4 72. Rc6+ Kd3 73. Rd6+ Kc4 74. Rd5 Ra2 75. Rxe5 Kd4 76. Rb5 Ra1+ 77. Ke2 Ra2+ 78. Kd1 Ra3 79. Rxg5 Rxf3 80. Rb5 Ra3 81. e5 f3 82. Ke1 Ke3 83. Rb1 Rxa5 84. e6 Kf4 85. Kf1 Kxg4 86. e7 Ra8 87. Re1 Re8 88. Kf2 Kf5 89. Kxf3 Kf6 1/2-1/2

[Event "HUN-chT 1213"]
[Site "Hungary"]
[Date "2012.11.04"]
[Round "3"]
[White "Medvegy, Zoltan"]
[Black "Siklosi, Zoltan"]
[Result "1-0"]
[WhiteElo "2561"]
[BlackElo "2329"]
[PlyCount "93"]
[EventDate "2012.09.16"]
[EventType "team-tourn"]
[EventRounds "9"]
[EventCountry "HUN"]
[SourceTitle "EXT 2013"]
[Source "ChessBase"]
[SourceDate "2012.11.22"]
[SourceVersion "1"]
[SourceVersionDate "2012.11.22"]
[SourceQuality "1"]
[WhiteTeam "Aquaprofit"]
[BlackTeam "Toth Laszlo"]
[WhiteTeamCountry "HUN"]
[BlackTeamCountry "HUN"]

1. c4 Nf6 2. Nc3 e5 3. Nf3 Nc6 4. g3 d5 5. cxd5 Nxd5 6. Bg2 Nb6 7. 0-0 Be7 8. a3 0-0 9. b4 Be6 10. Rb1 f6 11. d3 a5 12. b5 Nd4 13. Nd2 c6 14. bxc6 Nxc6 15. Nc4 Nxc4 16. dxc4 Qxd1 17. Rxd1 Rab8 18. Nd5 Bc5 19. Rb5 Ba7 20. e3 Rfc8 21. Bd2 b6 22. Rdb1 Kf7 23. Nxb6 Bxb6 24. Rxb6 Rxb6 25. Rxb6 Nd8 26. Bxa5 Rxc4 27. h3 e4 28. g4 Nc6 29. Rb7+ Kg6 30. Bb4 Bf7 31. Rc7 f5 32. gxf5+ Kf6 33. Bf8 g6 34. fxg6 hxg6 35. Bxe4 Rxe4 36. Rxc6+ Kf5 37. Rc5+ Kf6 38. Kg2 Re8 39. Bd6 Re6 40. Bc7 Ra6 41. Ba5 Be6 42. Kg3 Ra8 43. h4 Ra6 44. f3 Rd6 45. Bc3+ Kf7 46. a4 Rd1 47. h5 1-0

[Event "HUN-chT 1213"]
[Site "Hungary"]
[Date "2012.10.07"]
[Round "2"]
[White "Siklosi, Zoltan"]
[Black "Groszpeter, Attila"]
[Result "0-1"]
[WhiteElo "2329"]
[BlackElo "2481"]
[PlyCount "114"]
[EventDate "2012.09.16"]
[EventType "team-tourn"]
[EventRounds "9"]
[EventCountry "HUN"]
[SourceTitle "EXT 2013"]
[Source "ChessBase"]
[SourceDate "2012.11.22"]
[SourceVersion "1"]
[SourceVersionDate "2012.11.22"]
[SourceQuality "1"]
[WhiteTeam "Toth Laszlo"]
[BlackTeam "Paks"]
[WhiteTeamCountry "HUN"]
[BlackTeamCountry "HUN"]

1. e4 c5 2. Nf3 d6 3. Bb5+ Nc6 4. Bxc6+ bxc6 5. 0-0 Bg4 6. c3 Nf6 7. Re1 e6 8. d4 cxd4 9. cxd4 Be7 10. Qa4 0-0 11. Nbd2 Qb8 12. b3 Qb5 13. Qxb5 cxb5 14. Ba3 Rfc8 15. Rac1 Bxf3 16. Nxf3 Rxc1 17. Bxc1 Rc8 18. Ba3 Bf8 19. e5 dxe5 20. Bxf8 e4 21. Bc5 exf3 22. gxf3 a6 23. Kf1 Nd5 24. Ke2 g5 25. Kd3 Kg7 26. Ra1 Rb8 27. Kc2 Kg6 28. a4 f6 29. axb5 axb5 30. Ra6 Kf5 31. Ra7 h5 32. Kd3 h4 33. b4 h3 34. Ke2 Rg8 35. Ra3 Rh8 36. Kf1 Re8 37. Ra5 Rb8 38. Ra7 Nf4 39. Bd6 Rd8 40. Bc5 e5 41. Ra5 exd4 42. Rxb5 Kg6 43. Ra5 Nd3 44. Ra3 Ne5 45. f4 gxf4 46. Rxh3 d3 47. Ke1 d2+ 48. Kd1 Nd3 49. Rxd3 Rxd3 50. f3 Kf5 51. b5 Rd5 52. Bb4 Rxb5 53. Bxd2 Re5 54. Bc1 Re8 55. h3 Kg5 56. Bd2 Rd8 57. Ke2 Rxd2+ 0-1

[Event "HUN-chT2 Charousek 0910"]
[Site "Hungary"]
[Date "2009.12.20"]
[Round "4"]
[White "Bokros, Albert"]
[Black "Siklosi, Zoltan"]
[Result "1-0"]
[WhiteElo "2487"]
[BlackElo "2337"]
[PlyCount "111"]
[EventDate "2009.11.08"]
[EventType "team-tourn"]
[EventRounds "11"]
[EventCountry "HUN"]
[SourceTitle "EXT 2011"]
[Source "ChessBase"]
[SourceDate "2010.11.26"]
[SourceVersion "1"]
[SourceVersionDate "2010.11.26"]
[SourceQuality "1"]
[WhiteTeam "Tatai Honved"]
[BlackTeam "Paks II"]
[WhiteTeamCountry "HUN"]
[BlackTeamCountry "HUN"]

1. e4 e5 2. Nf3 Nc6 3. Bb5 a6 4. Ba4 Nf6 5. 0-0 Be7 6. Qe2 b5 7. Bb3 0-0 8. c3 d5 9. d3 Bb7 10. Re1 Re8 11. Nbd2 Bf8 12. Nf1 Na5 13. Bc2 c5 14. Ng3 dxe4 15. dxe4 Qc7 16. Nf5 Nc4 17. Nd2 Nd6 18. Ng3 Bc6 19. Ndf1 Re6 20. Bg5 Nde8 21. c4 bxc4 22. Bd2 Nd6 23. a4 Nd7 24. Bc3 Nb6 25. Ne3 Qd7 26. a5 Nbc8 27. Red1 Qe8 28. Nd5 Ra7 29. Nf5 Nb5 30. Qxc4 Nd4 31. Ba4 Bb5 32. Bxb5 axb5 33. Qd3 Rea6 34. Bxd4 exd4 35. b4 cxb4 36. Qxd4 Rxa5 37. Rac1 Ra4 38. Nc7 Rxc7 39. Rxc7 g6 40. Ne3 b3 41. Qc3 Nd6 42. Rxd6 Bxd6 43. Rc8 Ra1+ 44. Nf1 Qxc8 45. Qxc8+ Bf8 46. Qc3 Ra3 47. Ne3 b4 48. Qb2 Bc5 49. h4 Bxe3 50. fxe3 h5 51. Kh2 Kh7 52. Kg3 Kg8 53. Kf3 Kh7 54. g3 Ra7 55. Qxb3 Rb7 56. Kf4 1-0

[Event "HUN-chT2 Charousek 0910"]
[Site "Hungary"]
[Date "2009.12.06"]
[Round "3"]
[White "Siklosi, Zoltan"]
[Black "Kallai, Gabor"]
[Result "0-1"]
[WhiteElo "2337"]
[BlackElo "2444"]
[PlyCount "110"]
[EventDate "2009.11.08"]
[EventType "team-tourn"]
[EventRounds "11"]
[EventCountry "HUN"]
[SourceTitle "EXT 2011"]
[Source "ChessBase"]
[SourceDate "2010.11.26"]
[SourceVersion "1"]
[SourceVersionDate "2010.11.26"]
[SourceQuality "1"]
[WhiteTeam "Paks II"]
[BlackTeam "Taban Spartacus"]
[WhiteTeamCountry "HUN"]
[BlackTeamCountry "HUN"]

1. e4 c6 2. d4 d5 3. Nc3 dxe4 4. Nxe4 Bf5 5. Ng3 Bg6 6. h4 h6 7. Nf3 Nf6 8. h5 Bh7 9. Bd3 Bxd3 10. Qxd3 e6 11. Bd2 c5 12. 0-0-0 Nc6 13. Bc3 Qd5 14. dxc5 Qxd3 15. Rxd3 Bxc5 16. Bxf6 gxf6 17. Ne4 Be7 18. Nd6+ Bxd6 19. Rxd6 Rd8 20. Rxd8+ Kxd8 21. c4 Ke7 22. Kc2 f5 23. g3 Rd8 24. Kc3 e5 25. Re1 e4 26. Re3 Kf6 27. Nh4 Rd1 28. b3 Rc1+ 29. Kb2 Rg1 30. Re2 Kg5 31. Rd2 Rf1 32. Kc3 Ne5 33. Ng2 Nd3 34. f4+ Kf6 35. Ne3 Rf3 36. Kd4 Rxg3 37. Nd5+ Ke6 38. c5 Rg8 39. Nc7+ Kd7 40. Nd5 Rd8 41. Kc4 Rc8 42. b4 b6 43. Rg2 Ke6 44. a3 Nxc5 45. Nxb6 axb6 46. bxc5 Rxc5+ 47. Kd4 Ra5 48. Ra2 Ra4+ 49. Kc3 b5 50. Kb3 e3 51. Re2 Re4 52. Kc3 Kd5 53. Re1 e2 54. Kd3 Re6 55. Kc3 Re3+ 0-1

[Event "HUN-chT2 Charousek 0910"]
[Site "Hungary"]
[Date "2009.11.08"]
[Round "1"]
[White "Banusz, Tamas"]
[Black "Siklosi, Zoltan"]
[Result "1-0"]
[WhiteElo "2514"]
[BlackElo "2337"]
[PlyCount "97"]
[EventDate "2009.11.08"]
[EventType "team-tourn"]
[EventRounds "11"]
[EventCountry "HUN"]
[SourceTitle "EXT 2011"]
[Source "ChessBase"]
[SourceDate "2010.11.26"]
[SourceVersion "1"]
[SourceVersionDate "2010.11.26"]
[SourceQuality "1"]
[WhiteTeam "Pannonpower"]
[BlackTeam "Paks II"]
[WhiteTeamCountry "HUN"]
[BlackTeamCountry "HUN"]

1. d4 d5 2. c4 c6 3. Nf3 Nf6 4. Nc3 e6 5. g3 dxc4 6. Bg2 b5 7. 0-0 Bb7 8. e4 Be7 9. e5 Nd5 10. Nd2 Nd7 11. Nde4 Qb6 12. Qg4 g6 13. Bg5 0-0 14. Rad1 Bxg5 15. Qxg5 Kg7 16. Nd6 Nxc3 17. bxc3 Rab8 18. Rfe1 Ba8 19. Re4 h6 20. Qe3 Qd8 21. Rg4 f5 22. exf6+ Nxf6 23. Qe5 Kh7 24. Rh4 Qe7 25. Ne4 Nxe4 26. Rxe4 Rbe8 27. Qc5 Qf6 28. f4 Re7 29. Rde1 Rfe8 30. Re5 a6 31. h4 Rd7 32. a3 Qe7 33. Be4 Qxc5 34. Rxc5 Rd6 35. h5 Kg7 36. Bxg6 Red8 37. Be4 Kf6 38. Kf2 Rg8 39. Bf3 Bb7 40. g4 Rd5 41. Bxd5 exd5 42. Kf3 Rd8 43. f5 Rd6 44. Re8 Kf7 45. Rb8 Rd7 46. Kf4 Re7 47. g5 Rc7 48. gxh6 Bc8 49. Kg5 1-0

[Event "HUN-chT2 Charousek 0809"]
[Site "Hungary"]
[Date "2009.02.22"]
[Round "8"]
[White "Siklosi, Zoltan"]
[Black "Banusz, Tamas"]
[Result "0-1"]
[WhiteElo "2354"]
[BlackElo "2498"]
[PlyCount "82"]
[EventDate "2008.10.26"]
[EventType "team-tourn"]
[EventRounds "11"]
[EventCountry "HUN"]
[SourceTitle "EXT 2010"]
[Source "ChessBase"]
[SourceDate "2010.11.25"]
[SourceVersion "1"]
[SourceVersionDate "2010.11.25"]
[SourceQuality "1"]
[WhiteTeam "Paks II"]
[BlackTeam "Pannonpower"]
[WhiteTeamCountry "HUN"]
[BlackTeamCountry "HUN"]

1. e4 e5 2. Nf3 Nc6 3. Bb5 a6 4. Ba4 Nf6 5. 0-0 Be7 6. Re1 b5 7. Bb3 d6 8. c3 0-0 9. h3 Na5 10. Bc2 c5 11. d4 Qc7 12. Nbd2 Rd8 13. b3 Bd7 14. Bb2 Be8 15. d5 c4 16. b4 Nb7 17. Nf1 a5 18. a3 Nd7 19. Qd2 Nb6 20. Reb1 Ra6 21. Qe1 Rda8 22. Ng3 Nd8 23. Ne2 f5 24. exf5 Nxd5 25. Be4 Bc6 26. a4 Nf6 27. Bxc6 Qxc6 28. axb5 Qxb5 29. bxa5 Rxa5 30. Rxa5 Rxa5 31. Ba3 Qd7 32. Bb4 Ra2 33. Nc1 Ra8 34. Qe2 Rc8 35. g4 Nf7 36. Qd1 Qc6 37. Kh2 Nd5 38. Kg3 Ng5 39. h4 Ne4+ 40. Kg2 Nf4+ 41. Kf1 Nd2+ 0-1

[Event "HUN-chT2 Charousek 0607"]
[Site "Hungary"]
[Date "2007.05.20"]
[Round "11"]
[White "Bednay, Bence"]
[Black "Siklosi, Zoltan"]
[Result "1-0"]
[WhiteElo "2275"]
[BlackElo "2374"]
[PlyCount "71"]
[EventDate "2006.11.12"]
[EventType "team"]
[EventRounds "11"]
[EventCountry "HUN"]
[SourceTitle "EXT 2008"]
[Source "ChessBase"]
[SourceDate "2007.11.25"]
[SourceVersion "1"]
[SourceVersionDate "2007.11.25"]
[SourceQuality "1"]
[WhiteTeam "Barcza"]
[BlackTeam "Paks II"]
[WhiteTeamCountry "HUN"]
[BlackTeamCountry "HUN"]

1. e4 e5 2. Nf3 Nc6 3. Bb5 a6 4. Bxc6 dxc6 5. 0-0 Qd6 6. Na3 b5 7. c3 c5 8. Qe2 Ne7 9. Rd1 Bg4 10. h3 Bxf3 11. Qxf3 Rd8 12. d3 Ng6 13. Nc2 Be7 14. Ne3 0-0 15. Nf5 Qf6 16. Qg3 Kh8 17. a4 b4 18. Be3 Rd7 19. d4 cxd4 20. cxd4 Rfd8 21. d5 Nf4 22. Bxf4 exf4 23. Qb3 Bc5 24. Rac1 Qb6 25. Qc2 Bf8 26. Nd4 Re8 27. Nc6 g6 28. a5 Qb5 29. Qc4 Qxc4 30. Rxc4 Bd6 31. b3 f6 32. f3 Kg8 33. Rd3 Kf7 34. Kf2 h5 35. Nxb4 Bxb4 36. Rxb4 1-0

[Event "HUN-chT2 Charousek 0607"]
[Site "Hungary"]
[Date "2007.01.28"]
[Round "4"]
[White "Nagy, Bence"]
[Black "Siklosi, Zoltan"]
[Result "1/2-1/2"]
[WhiteElo "2328"]
[BlackElo "2374"]
[PlyCount "53"]
[EventDate "2006.11.12"]
[EventType "team"]
[EventRounds "11"]
[EventCountry "HUN"]
[SourceTitle "EXT 2008"]
[Source "ChessBase"]
[SourceDate "2007.11.25"]
[SourceVersion "1"]
[SourceVersionDate "2007.11.25"]
[SourceQuality "1"]
[WhiteTeam "Lovo"]
[BlackTeam "Paks II"]
[WhiteTeamCountry "HUN"]
[BlackTeamCountry "HUN"]

1. e4 e5 2. Nf3 Nc6 3. Bb5 a6 4. Ba4 Nf6 5. 0-0 Be7 6. Re1 b5 7. Bb3 d6 8. c3 0-0 9. h3 Na5 10. Bc2 c5 11. d4 Qc7 12. Nbd2 cxd4 13. cxd4 Nc6 14. d5 Nb4 15. Bb1 a5 16. Nf1 Bd7 17. Bd2 Na6 18. Ng3 Rfc8 19. Re3 Nc5 20. Nh4 g6 21. Nf3 b4 22. a4 Bf8 23. b3 Bh6 24. Re1 Bxd2 25. Nxd2 Kg7 26. Ra2 h5 27. Ne2 1/2-1/2

[Event "HUN-chT 0607"]
[Site "Hungary"]
[Date "2006.11.26"]
[Round "2"]
[White "Siklosi, Zoltan"]
[Black "Kahn, Evarth"]
[Result "1/2-1/2"]
[WhiteElo "2374"]
[BlackElo "2303"]
[PlyCount "20"]
[EventDate "2006.11.12"]
[EventType "team"]
[EventRounds "11"]
[EventCountry "HUN"]
[SourceTitle "EXT 2008"]
[Source "ChessBase"]
[SourceDate "2007.11.25"]
[SourceVersion "1"]
[SourceVersionDate "2007.11.25"]
[SourceQuality "1"]
[WhiteTeam "Paks"]
[BlackTeam "Postas/MTK"]
[WhiteTeamCountry "HUN"]
[BlackTeamCountry "HUN"]

1. e4 g6 2. d4 Bg7 3. Nc3 c5 4. dxc5 Bxc3+ 5. bxc3 Nc6 6. Be3 Qa5 7. Qd2 Nf6 8. f3 b6 9. Bd3 bxc5 10. Ne2 Ne5 1/2-1/2

[Event "HUN-chT2 Charousek 0506"]
[Site "Hungary"]
[Date "2005.10.16"]
[Round "1"]
[White "Karsa, Laszlo"]
[Black "Siklosi, Zoltan"]
[Result "1/2-1/2"]
[WhiteElo "2375"]
[BlackElo "2375"]
[PlyCount "23"]
[EventDate "2005.10.16"]
[EventType "team"]
[EventRounds "11"]
[EventCountry "HUN"]
[SourceTitle "EXT 2009"]
[Source "ChessBase"]
[SourceDate "2008.11.26"]
[SourceVersion "1"]
[SourceVersionDate "2008.11.26"]
[SourceQuality "1"]
[WhiteTeam "Pannonpower"]
[BlackTeam "Paks II"]
[WhiteTeamCountry "HUN"]
[BlackTeamCountry "HUN"]

1. d4 d5 2. Nf3 Nf6 3. c4 c6 4. e3 Bf5 5. Nc3 e6 6. Bd3 Bxd3 7. Qxd3 Nbd7 8. 0-0 Be7 9. b3 0-0 10. Bb2 a5 11. a3 Qb6 12. c5 1/2-1/2